| 000 | 00703nam a22001935i 4500 | ||
|---|---|---|---|
| 001 | 167538 | ||
| 003 | ES-MaACL | ||
| 005 | 20250815110843.0 | ||
| 008 | 940206s1872 sp a |||| | spa d | ||
| 040 |
_aCAM _bspa |
||
| 100 | 1 |
_aVilanova y Piera, Juan, _d1821-1893 _9114785 |
|
| 245 | 1 | 0 |
_aCompendio de geología / _cpor... Juan Vilanova y Piera. |
| 260 |
_aMadrid : _b[s.n.], _c1872 ( _fImp. de Alejandro Gómez Fuentenebro) |
||
| 300 |
_a588 p., [1] h. pleg., [10] h. de lám., [7] h. de lám. pleg. : _bil. ; _c26 cm. |
||
| 599 | _aLas h. de lam.: "Camilo Alabern f\pt\s" | ||
| 650 | 7 |
_aGeología _2embne _913086 |
|
| 852 |
_aES-MaACL _jF-13167 _z-- Enc. hol. |
||
| 999 |
_c167538 _d167538 |
||